000
00303nam a2200097 a 4500
005
20200930070349.0
008
110901s1868 000 spa d
245
0
_a
Colección de documentos inéditos, relativos al descubrimiento, conquista y organización...
260
_a
Madrid,
_c
1868.
999
_c
33073
_d
33073
040
_a
DO-SdBNP